The theory of matrices /

Guardado en:
Autor Principal: MacDuffee, Cyrus Colton, 1895-
Formato: Libro
Idioma:English
Publicado: New York : Chelsea, 1946.
Series:Ergebnisse der Mathematik und ihrer Grenzgebiete, 2. Bd. ; 5
Etiquetas: Agregar Etiqueta
Sin Etiquetas, Sea el primero en etiquetar este registro!
LEADER 00710nam a22002055 4500
001 MAT.inmabb001891
008 770729r19461933nyu######b####000#0#eng#d
005 20150701123634.0
245 1 4 |a The theory of matrices /  |c by C. C. MacDuffee. 
260 |a New York :  |b Chelsea,  |c 1946. 
300 |a v, 110 p. ;  |c 24 cm. 
440 0 |a Ergebnisse der Mathematik und ihrer Grenzgebiete, 2. Bd. ;  |v 5 
504 |a Notas bibliográficas al pie. 
500 |a "Corrected reprint of first edition." 
510 4 |a Zbl MATH,  |c 0007.19507 
100 1 |a MacDuffee, Cyrus Colton,  |d 1895- 
084 |a 15-01  |2 msc2000 
010 |a  49002197  
859 |h 15  |i M139  |p A-2161  |b BIB. MATEMATICA 
859 |h 15  |i M139  |p A-3384  |t Ej. 2  |b BIB. MATEMATICA